[Event "Greek Team Championship"]
[Site "chess24.com"]
[Date "2017.07.06"]
[Round "5"]
[White "Poulopoulos, Ioannis"]
[Black "Balokas, Dimitrios"]
[Result "1/2-1/2"]
[Board "4"]
[WhiteElo "2252"]
[WhiteCountry "GRE"]
[WhiteFideId "4218078"]
[WhiteEloChange "-1"]
[BlackElo "2219"]
[BlackCountry "GRE"]
[BlackFideId "4216920"]
[BlackEloChange "1"]

1. d4 {[%clk 1:30:56]} Nf6 {[%clk 1:24:58]} 2. Nf3 {[%clk 1:31:12]} e6 {[%clk
1:25:18]} 3. g3 {[%clk 1:31:19]} b6 {[%clk 1:25:40]} 4. Bg2 {[%clk 1:30:43]} Bb7
{[%clk 1:26:04]} 5. c4 {[%clk 1:30:09]} Be7 {[%clk 1:26:26]} 6. O-O {[%clk
1:29:34]} O-O {[%clk 1:26:08]} 7. Nc3 {[%clk 1:29:38]} Ne4 {[%clk 1:26:32]} 8.
Qc2 {[%clk 1:24:44]} Nxc3 {[%clk 1:26:01]} 9. Qxc3 {[%clk 1:23:30]} d6 {[%clk
1:26:10]} 10. Qc2 {[%clk 1:18:46]} Qc8 {[%clk 1:05:47]} 11. e4 {[%clk 1:11:57]}
Nd7 {[%clk 1:03:09]} 12. Bf4 {[%clk 1:04:17]} a5 {[%clk 0:57:40]} 13. Rfe1 {[%clk
0:55:14]} Re8 {[%clk 0:55:58]} 14. a3 {[%clk 0:54:12]} a4 {[%clk 0:55:00]} 15.
Rad1 {[%clk 0:53:15]} Nf8 {[%clk 0:46:22]} 16. e5 {[%clk 0:43:22]} Ng6 {[%clk
0:41:42]} 17. Ng5 {[%clk 0:33:48]} Bxg2 {[%clk 0:37:33]} 18. Kxg2 {[%clk
0:34:14]} Bxg5 {[%clk 0:37:52]} 19. Bxg5 {[%clk 0:34:30]} dxe5 {[%clk 0:37:43]}
20. dxe5 {[%clk 0:33:55]} Qb7+ {[%clk 0:38:05]} 21. Qe4 {[%clk 0:30:19]} Qxe4+
{[%clk 0:36:31]} 22. Rxe4 {[%clk 0:30:43]} Ra5 {[%clk 0:25:25]} 23. Bf4 {[%clk
0:25:23]} h6 {[%clk 0:24:35]} 24. h4 {[%clk 0:23:22]} Rf8 {[%clk 0:21:03]} 25.
Rd7 {[%clk 0:18:01]} Nxf4+ {[%clk 0:18:22]} 26. Rxf4 {[%clk 0:12:12]} Rxe5 {[%clk
0:10:52]} 27. Rxc7 {[%clk 0:12:33]} Re2 {[%clk 0:11:18]} 28. c5 {[%clk 0:11:17]}
bxc5 {[%clk 0:10:11]} 29. Rb7 {[%clk 0:08:07]} Rc2 {[%clk 0:08:45]} 30. Rxa4
{[%clk 0:07:30]} c4 {[%clk 0:07:41]} 31. Raa7 {[%clk 0:06:44]} h5 {[%clk
0:06:52]} 32. a4 {[%clk 0:04:46]} c3 {[%clk 0:06:33]} 33. bxc3 {[%clk 0:04:36]}
Rxc3 {[%clk 0:07:02]} 34. a5 {[%clk 0:04:22]} Ra3 {[%clk 0:07:30]} 35. a6 {[%clk
0:04:15]} g6 {[%clk 0:06:12]} 36. Re7 {[%clk 0:02:50]} Ra2 {[%clk 0:05:54]} 37.
Kf3 {[%clk 0:02:56]} Ra3+ {[%clk 0:05:32]} 38. Ke4 {[%clk 0:02:26]} Ra4+ {[%clk
0:05:21]} 39. Ke3 {[%clk 0:01:59]} Ra3+ {[%clk 0:05:36]} 40. Ke4 {[%clk 0:32:24]}
Ra4+ {[%clk 0:35:52]} 41. Ke5 {[%clk 0:14:04]} Kg7 {[%clk 0:30:05]} 42. Red7
{[%clk 0:01:50]} Ra2 {[%clk 0:28:30]} 43. Kd6 {[%clk 0:01:32]} Kf6 {[%clk
0:25:21]} 44. Kc6 {[%clk 0:01:10]} Rc2+ {[%clk 0:24:54]} 45. Kb6 {[%clk 0:01:24]}
Rb2+ {[%clk 0:25:17]} 46. Kc6 {[%clk 0:01:12]} Rc2+ {[%clk 0:25:43]} 47. Kd6
{[%clk 0:01:22]} Ra2 {[%clk 0:26:05]} 48. Kc5 {[%clk 0:01:21]} Rc2+ {[%clk
0:26:31]} 49. Kb6 {[%clk 0:01:06]} Rb2+ {[%clk 0:26:51]} 50. Kc6 {[%clk 0:01:09]}
1/2-1/2

[Event "Greek Team Championship"]
[Site "chess24.com"]
[Date "2017.07.06"]
[Round "5"]
[White "Hristodoulaki, Antonia"]
[Black "Lubbe, Melanie"]
[Result "0-1"]
[Board "5"]
[WhiteElo "2032"]
[WhiteCountry "GRE"]
[WhiteFideId "4214935"]
[WhiteEloChange "-4"]
[BlackElo "2278"]
[BlackTitle "WGM"]
[BlackCountry "GER"]
[BlackFideId "4690745"]
[BlackEloChange "4"]

1. e4 {[%clk 1:29:11]} c5 {[%clk 1:30:57]} 2. Nf3 {[%clk 1:29:34]} d6 {[%clk
1:31:22]} 3. d4 {[%clk 1:30:01]} cxd4 {[%clk 1:31:49]} 4. Qxd4 {[%clk 1:30:25]}
a6 {[%clk 1:32:08]} 5. h3 {[%clk 1:30:48]} Nc6 {[%clk 1:32:24]} 6. Qe3 {[%clk
1:30:57]} g6 {[%clk 1:32:20]} 7. c4 {[%clk 1:30:40]} Bg7 {[%clk 1:32:26]} 8. Be2
{[%clk 1:30:29]} Nf6 {[%clk 1:32:15]} 9. O-O {[%clk 1:29:46]} O-O {[%clk
1:32:27]} 10. Nc3 {[%clk 1:29:45]} Nd7 {[%clk 1:32:10]} 11. Rb1 {[%clk 1:22:24]}
Nde5 {[%clk 1:31:04]} 12. Rd1 {[%clk 1:16:34]} Nxf3+ {[%clk 1:29:04]} 13. Bxf3
{[%clk 1:16:07]} f5 {[%clk 1:29:16]} 14. exf5 {[%clk 0:57:57]} Bxf5 {[%clk
1:29:41]} 15. Be4 {[%clk 0:57:00]} Qd7 {[%clk 1:29:12]} 16. Nd5 {[%clk 0:53:00]}
Qe6 {[%clk 1:21:29]} 17. Nc3 {[%clk 0:38:25]} Kh8 {[%clk 1:08:16]} 18. Bxf5
{[%clk 0:37:48]} Qxf5 {[%clk 1:08:32]} 19. Ne4 {[%clk 0:35:52]} b5 {[%clk
0:57:06]} 20. b3 {[%clk 0:28:14]} bxc4 {[%clk 0:33:44]} 21. bxc4 {[%clk 0:28:34]}
Ne5 {[%clk 0:33:12]} 22. Rb7 {[%clk 0:21:52]} Nxc4 {[%clk 0:30:31]} 23. Qe2
{[%clk 0:20:50]} Qe6 {[%clk 0:29:28]} 24. Qc2 {[%clk 0:16:52]} Rac8 {[%clk
0:28:18]} 25. Ng5 {[%clk 0:15:14]} Qe5 {[%clk 0:24:36]} 26. Nf3 {[%clk 0:13:05]}
Qa5 {[%clk 0:06:43]} 27. Qe2 {[%clk 0:10:31]} Bf6 {[%clk 0:04:53]} 28. Bh6 {[%clk
0:06:43]} Rfe8 {[%clk 0:05:22]} 29. Qe6 {[%clk 0:04:37]} Qf5 {[%clk 0:05:11]} 30.
Qe2 {[%clk 0:01:26]} Rc5 {[%clk 0:01:55]} 31. g4 {[%clk 0:00:47]} Qc8 {[%clk
0:02:14]} 32. Rdb1 {[%clk 0:00:36]} Ne5 {[%clk 0:02:09]} 33. Nxe5 {[%clk
0:00:36]} Bxe5 {[%clk 0:02:25]} 34. Qxa6 {[%clk 0:00:46]} d5 {[%clk 0:01:27]} 35.
Qd3 {[%clk 0:00:36]} Qe6 {[%clk 0:01:07]} 36. R7b6 {[%clk 0:00:34]} Qf7 {[%clk
0:01:33]} 37. Rb7 {[%clk 0:00:33]} d4 {[%clk 0:01:19]} 38. Bd2 {[%clk 0:00:38]}
Qxa2 {[%clk 0:01:20]} 39. f4 {[%clk 0:00:33]} Bf6 {[%clk 0:01:18]} 40. Rd7 {[%clk
0:30:34]} Qc4 {[%clk 0:30:42]} 41. Qxc4 {[%clk 0:22:54]} Rxc4 {[%clk 0:31:11]}
42. g5 {[%clk 0:22:31]} Bg7 {[%clk 0:30:39]} 43. Re1 {[%clk 0:15:14]} e6 {[%clk
0:16:56]} 44. Rd6 {[%clk 0:14:22]} Rc2 {[%clk 0:10:32]} 45. Rdxe6 {[%clk
0:13:34]} Rxe6 {[%clk 0:10:47]} 46. Rxe6 {[%clk 0:14:02]} Bf8 {[%clk 0:09:59]}
47. Ba5 {[%clk 0:10:27]} Bc5 {[%clk 0:09:25]} 48. Kf1 {[%clk 0:08:53]} Ra2 {[%clk
0:08:53]} 49. Be1 {[%clk 0:08:01]} Kg8 {[%clk 0:07:24]} 50. Rc6 {[%clk 0:06:44]}
Ba7 {[%clk 0:06:32]} 51. Rd6 {[%clk 0:05:51]} Kf7 {[%clk 0:06:34]} 52. Bf2 {[%clk
0:03:14]} Ke7 {[%clk 0:06:27]} 53. Rd5 {[%clk 0:03:00]} Ke6 {[%clk 0:05:51]} 54.
Rb5 {[%clk 0:02:38]} Ra1+ {[%clk 0:05:52]} 55. Ke2 {[%clk 0:01:54]} d3+ {[%clk
0:05:42]} 56. Kxd3 {[%clk 0:02:22]} Bxf2 {[%clk 0:06:08]} 57. Ke4 {[%clk
0:02:00]} Ra3 {[%clk 0:05:10]} 58. Re5+ {[%clk 0:01:07]} Kd6 {[%clk 0:04:49]} 59.
Rd5+ {[%clk 0:01:24]} Kc6 {[%clk 0:05:05]} 60. Rd2 {[%clk 0:01:08]} Re3+ {[%clk
0:04:55]} 61. Kd4 {[%clk 0:01:02]} Re2+ {[%clk 0:05:00]} 62. Kd3 {[%clk 0:01:28]}
Rxd2+ {[%clk 0:05:08]} 63. Kxd2 {[%clk 0:01:57]} Kd5 {[%clk 0:05:19]} 64. Ke2
{[%clk 0:02:22]} Bc5 {[%clk 0:04:50]} 65. Kf3 {[%clk 0:02:37]} Ke6 {[%clk
0:04:24]} 66. Kg4 {[%clk 0:02:42]} Bd6 {[%clk 0:04:41]} 67. h4 {[%clk 0:03:01]}
Bc7 {[%clk 0:05:01]} 68. h5 {[%clk 0:03:07]} Bd6 {[%clk 0:05:24]} 69. hxg6 {[%clk
0:02:51]} hxg6 {[%clk 0:05:50]} 70. f5+ {[%clk 0:03:08]} gxf5+ {[%clk 0:06:15]}
71. Kf3 {[%clk 0:03:34]} Kf7 {[%clk 0:06:26]} 72. Kf2 {[%clk 0:03:53]} Kg6 {[%clk
0:06:51]} 73. Kf3 {[%clk 0:04:18]} Kxg5 {[%clk 0:07:16]} 74. Kf2 {[%clk 0:04:44]}
Kg4 {[%clk 0:07:37]} 75. Kg2 {[%clk 0:05:06]} Bc5 {[%clk 0:07:53]} 0-1

[Event "Greek Team Championship"]
[Site "chess24.com"]
[Date "2017.07.06"]
[Round "5"]
[White "Kratimenou, Maria"]
[Black "Grammatikaki, Aggeliki"]
[Result "0-1"]
[Board "6"]
[WhiteElo "1280"]
[WhiteCountry "GRE"]
[WhiteFideId "25821725"]
[WhiteEloChange "-2"]
[BlackElo "1623"]
[BlackCountry "GRE"]
[BlackFideId "25802607"]
[BlackEloChange "2"]

1. e4 {[%clk 1:30:54]} c5 {[%clk 1:30:45]} 2. Nc3 {[%clk 1:31:14]} e6 {[%clk
1:31:07]} 3. g3 {[%clk 1:31:38]} Nc6 {[%clk 1:31:30]} 4. Bg2 {[%clk 1:31:59]} Bd6
{[%clk 1:31:47]} 5. f4 {[%clk 1:30:28]} Nge7 {[%clk 1:31:16]} 6. d3 {[%clk
1:30:40]} Bc7 {[%clk 1:29:17]} 7. Nge2 {[%clk 1:30:47]} O-O {[%clk 1:27:33]} 8.
O-O {[%clk 1:30:55]} d6 {[%clk 1:21:18]} 9. Qe1 {[%clk 1:27:33]} a6 {[%clk
1:19:55]} 10. g4 {[%clk 1:27:22]} f5 {[%clk 1:01:32]} 11. exf5 {[%clk 1:26:16]}
exf5 {[%clk 1:01:42]} 12. g5 {[%clk 1:23:00]} b5 {[%clk 0:55:17]} 13. Nd5 {[%clk
1:22:01]} Bb7 {[%clk 0:53:55]} 14. Nec3 {[%clk 1:17:56]} Re8 {[%clk 0:47:51]} 15.
Qe6+ {[%clk 1:14:40]} Kh8 {[%clk 0:46:17]} 16. Nxe7 {[%clk 1:14:48]} Qxe7 {[%clk
0:31:09]} 17. Qxf5 {[%clk 1:10:33]} Nd4 {[%clk 0:31:01]} 18. Qg4 {[%clk 1:07:52]}
Bb6 {[%clk 0:24:42]} 19. Nd5 {[%clk 1:05:10]} Bxd5 {[%clk 0:20:53]} 20. Bxd5
{[%clk 1:04:55]} Nxc2 {[%clk 0:20:15]} 21. Bxa8 {[%clk 1:04:31]} Nxa1 {[%clk
0:20:15]} 22. Be4 {[%clk 1:04:39]} Nc2 {[%clk 0:10:50]} 23. Kh1 {[%clk 0:58:35]}
Nd4 {[%clk 0:08:00]} 24. Qh5 {[%clk 0:57:53]} g6 {[%clk 0:06:56]} 25. Bxg6 {[%clk
0:57:07]} Qb7+ {[%clk 0:06:55]} 26. Be4 {[%clk 0:54:58]} Rxe4 {[%clk 0:06:38]}
27. dxe4 {[%clk 0:55:16]} Qxe4+ {[%clk 0:06:57]} 28. Kg1 {[%clk 0:55:10]} Ne2+
{[%clk 0:06:49]} 29. Kf2 {[%clk 0:54:29]} c4+ {[%clk 0:06:39]} 30. Be3 {[%clk
0:52:51]} Qxe3+ {[%clk 0:05:20]} 31. Kg2 {[%clk 0:52:54]} Nxf4+ {[%clk 0:03:06]}
32. Rxf4 {[%clk 0:53:17]} Qxf4 {[%clk 0:03:24]} 33. Qe8+ {[%clk 0:53:37]} Kg7
{[%clk 0:03:15]} 34. Qe2 {[%clk 0:53:37]} Qxg5+ {[%clk 0:03:30]} 35. Kh3 {[%clk
0:53:50]} Qf5+ {[%clk 0:03:12]} 36. Kh4 {[%clk 0:54:02]} Qf4+ {[%clk 0:03:19]}
37. Kh3 {[%clk 0:54:14]} Qe3+ {[%clk 0:03:47]} 38. Qxe3 {[%clk 0:54:30]} Bxe3
{[%clk 0:04:12]} 0-1

[Event "Greek Team Championship"]
[Site "chess24.com"]
[Date "2017.07.06"]
[Round "5"]
[White "Kalyva, Kyriaki"]
[Black "Kratimenou, Georgia"]
[Result "1-0"]
[Board "7"]
[WhiteElo "1633"]
[WhiteCountry "GRE"]
[WhiteFideId "4271181"]
[WhiteEloChange "2"]
[BlackElo "1203"]
[BlackCountry "GRE"]
[BlackFideId "25821717"]
[BlackEloChange "-2"]

1. d4 {[%clk 1:30:55]} Nf6 {[%clk 1:30:50]} 2. c4 {[%clk 1:31:18]} e6 {[%clk
1:31:12]} 3. Nc3 {[%clk 1:31:41]} Bb4 {[%clk 1:31:28]} 4. e3 {[%clk 1:32:04]}
Bxc3+ {[%clk 1:31:41]} 5. bxc3 {[%clk 1:32:27]} O-O {[%clk 1:32:00]} 6. Bd3
{[%clk 1:32:28]} d6 {[%clk 1:32:16]} 7. Ne2 {[%clk 1:32:19]} e5 {[%clk 1:32:26]}
8. Ng3 {[%clk 1:30:06]} Nbd7 {[%clk 1:26:31]} 9. O-O {[%clk 1:24:09]} Re8 {[%clk
1:24:51]} 10. e4 {[%clk 1:17:27]} h6 {[%clk 1:22:37]} 11. f4 {[%clk 1:10:43]} c5
{[%clk 1:18:14]} 12. Nf5 {[%clk 0:55:32]} Qc7 {[%clk 1:14:30]} 13. fxe5 {[%clk
0:52:51]} dxe5 {[%clk 1:14:21]} 14. d5 {[%clk 0:52:59]} Nf8 {[%clk 1:12:44]} 15.
Nxh6+ {[%clk 0:51:40]} Kh8 {[%clk 1:06:56]} 16. d6 {[%clk 0:40:00]} Qd7 {[%clk
1:04:37]} 17. Bg5 {[%clk 0:38:52]} N8h7 {[%clk 1:02:14]} 18. Bxf6 {[%clk
0:38:45]} Nxf6 {[%clk 1:02:28]} 19. Rxf6 {[%clk 0:36:15]} gxf6 {[%clk 0:55:47]}
20. Qh5 {[%clk 0:36:37]} Qc6 {[%clk 0:43:49]} 21. Nf5+ {[%clk 0:36:41]} Kg8
{[%clk 0:42:20]} 22. Qg4+ {[%clk 0:37:03]} Kh8 {[%clk 0:39:30]} 23. Qg7# {[%clk
0:37:27]} 1-0

[Event "Greek Team Championship"]
[Site "chess24.com"]
[Date "2017.07.06"]
[Round "5"]
[White "Danis, Hrisovalantis"]
[Black "Ladopoulos, Dimitrios"]
[Result "1-0"]
[Board "8"]
[WhiteElo "2029"]
[WhiteCountry "GRE"]
[WhiteFideId "4276078"]
[WhiteEloChange "15"]
[BlackElo "2229"]
[BlackCountry "GRE"]
[BlackFideId "4239580"]
[BlackEloChange "-15"]

1. Nf3 {[%clk 1:30:56]} Nf6 {[%clk 1:30:31]} 2. g3 {[%clk 1:31:16]} g6 {[%clk
1:30:19]} 3. Bg2 {[%clk 1:31:40]} Bg7 {[%clk 1:30:35]} 4. d4 {[%clk 1:32:02]} O-O
{[%clk 1:30:07]} 5. O-O {[%clk 1:32:27]} d6 {[%clk 1:29:21]} 6. a4 {[%clk
1:32:17]} Na6 {[%clk 1:27:52]} 7. Nc3 {[%clk 1:32:03]} c5 {[%clk 1:26:41]} 8. e4
{[%clk 1:31:24]} cxd4 {[%clk 1:24:27]} 9. Nxd4 {[%clk 1:31:40]} Bd7 {[%clk
1:11:38]} 10. h3 {[%clk 1:28:10]} Nc5 {[%clk 1:07:04]} 11. Be3 {[%clk 1:26:44]}
Qc8 {[%clk 0:53:16]} 12. Kh2 {[%clk 1:23:42]} Rd8 {[%clk 0:40:24]} 13. a5 {[%clk
1:15:17]} e5 {[%clk 0:30:28]} 14. Nde2 {[%clk 1:01:37]} Bc6 {[%clk 0:26:36]} 15.
Nd5 {[%clk 1:00:54]} Nxd5 {[%clk 0:24:11]} 16. exd5 {[%clk 1:01:14]} Bb5 {[%clk
0:23:31]} 17. b3 {[%clk 0:52:07]} e4 {[%clk 0:16:39]} 18. Rb1 {[%clk 0:45:57]}
Bxe2 {[%clk 0:16:18]} 19. Qxe2 {[%clk 0:46:19]} f5 {[%clk 0:16:34]} 20. Qd2
{[%clk 0:40:12]} b6 {[%clk 0:12:49]} 21. axb6 {[%clk 0:25:31]} axb6 {[%clk
0:13:01]} 22. Qb4 {[%clk 0:25:16]} Qc7 {[%clk 0:07:54]} 23. Rfd1 {[%clk 0:23:33]}
Nd7 {[%clk 0:06:39]} 24. c4 {[%clk 0:15:21]} Rab8 {[%clk 0:04:20]} 25. Rd2 {[%clk
0:13:38]} Ra8 {[%clk 0:01:37]} 26. Qb5 {[%clk 0:12:51]} Rdc8 {[%clk 0:01:32]} 27.
Rc2 {[%clk 0:11:12]} Ra5 {[%clk 0:00:31]} 28. Qb4 {[%clk 0:10:29]} Raa8 {[%clk
0:01:00]} 29. f3 {[%clk 0:08:35]} exf3 {[%clk 0:01:26]} 30. Bxf3 {[%clk 0:09:01]}
Be5 {[%clk 0:00:55]} 31. Qb5 {[%clk 0:08:51]} Nc5 {[%clk 0:01:01]} 32. b4 {[%clk
0:08:29]} Nd7 {[%clk 0:00:32]} 33. Rbc1 {[%clk 0:06:06]} Ra3 {[%clk 0:00:46]} 34.
Re2 {[%clk 0:05:59]} Re8 {[%clk 0:00:31]} 35. Qc6 {[%clk 0:04:58]} Qd8 {[%clk
0:00:40]} 36. Rce1 {[%clk 0:04:20]} Qe7 {[%clk 0:00:31]} 37. Kg2 {[%clk 0:04:18]}
Rb3 {[%clk 0:00:31]} 38. c5 {[%clk 0:03:24]} Rxb4 {[%clk 0:00:32]} 39. cxd6
{[%clk 0:02:29]} Qxd6 {[%clk 0:00:33]} 40. Bd2 {[%clk 0:31:47]} Re4 {[%clk
0:30:32]} 41. Bxe4 {[%clk 0:31:03]} fxe4 {[%clk 0:30:24]} 42. Rxe4 {[%clk
0:30:52]} Rd8 {[%clk 0:30:19]} 43. Bb4 {[%clk 0:25:28]} 1-0

[Event "Greek Team Championship"]
[Site "chess24.com"]
[Date "2017.07.06"]
[Round "5"]
[White "Triantos, Konstantinos"]
[Black "Giatrakos, Orestis"]
[Result "1-0"]
[Board "9"]
[WhiteElo "2045"]
[WhiteCountry "GRE"]
[WhiteFideId "4274300"]
[WhiteEloChange "6"]
[BlackElo "1889"]
[BlackCountry "GRE"]
[BlackFideId "4266897"]
[BlackEloChange "-6"]

1. e4 {[%clk 1:30:13]} c5 {[%clk 1:30:51]} 2. Nf3 {[%clk 1:30:40]} d6 {[%clk
1:31:12]} 3. d4 {[%clk 1:30:11]} cxd4 {[%clk 1:31:35]} 4. Nxd4 {[%clk 1:30:37]}
Nf6 {[%clk 1:31:59]} 5. Nc3 {[%clk 1:31:04]} Nc6 {[%clk 1:32:25]} 6. Bg5 {[%clk
1:24:21]} Bd7 {[%clk 1:32:09]} 7. Bxf6 {[%clk 1:21:54]} gxf6 {[%clk 1:32:32]} 8.
Bc4 {[%clk 1:11:49]} Qa5 {[%clk 1:28:55]} 9. Qd2 {[%clk 1:08:15]} Rc8 {[%clk
1:27:36]} 10. Bb3 {[%clk 0:59:31]} h5 {[%clk 1:27:24]} 11. Ncb5 {[%clk 0:54:28]}
Qxd2+ {[%clk 1:26:50]} 12. Kxd2 {[%clk 0:54:56]} Bh6+ {[%clk 1:26:48]} 13. Ke2
{[%clk 0:55:20]} a6 {[%clk 1:23:49]} 14. Nxc6 {[%clk 0:55:47]} Bxc6 {[%clk
1:22:35]} 15. Na7 {[%clk 0:54:54]} Rc7 {[%clk 1:22:44]} 16. Nxc6 {[%clk 0:55:22]}
Rxc6 {[%clk 1:22:16]} 17. a4 {[%clk 0:49:41]} Rg8 {[%clk 1:21:23]} 18. g3 {[%clk
0:48:48]} e6 {[%clk 1:19:57]} 19. Rhd1 {[%clk 0:46:45]} Ke7 {[%clk 1:20:21]} 20.
f4 {[%clk 0:45:03]} Rg4 {[%clk 1:16:56]} 21. Kf3 {[%clk 0:42:16]} Rg8 {[%clk
1:10:24]} 22. Rd4 {[%clk 0:40:29]} Bg7 {[%clk 1:07:58]} 23. Rb4 {[%clk 0:38:22]}
Rc7 {[%clk 1:00:03]} 24. c3 {[%clk 0:37:10]} Rd8 {[%clk 0:57:05]} 25. h4 {[%clk
0:34:57]} Rdd7 {[%clk 0:48:59]} 26. Rd1 {[%clk 0:32:24]} Rc5 {[%clk 0:46:24]} 27.
Rbd4 {[%clk 0:24:28]} Rcc7 {[%clk 0:45:55]} 28. R4d3 {[%clk 0:22:04]} Rc5 {[%clk
0:45:24]} 29. R1d2 {[%clk 0:21:02]} Bh6 {[%clk 0:45:18]} 30. Bd1 {[%clk 0:19:21]}
a5 {[%clk 0:42:54]} 31. b4 {[%clk 0:17:51]} axb4 {[%clk 0:43:07]} 32. cxb4 {[%clk
0:18:20]} Rc4 {[%clk 0:43:13]} 33. Rd4 {[%clk 0:17:33]} Rdc7 {[%clk 0:43:12]} 34.
Be2 {[%clk 0:17:52]} Rc3+ {[%clk 0:43:13]} 35. R2d3 {[%clk 0:17:56]} Rxd3+ {[%clk
0:43:02]} 36. Rxd3 {[%clk 0:18:10]} Rc4 {[%clk 0:42:59]} 37. Rb3 {[%clk 0:18:38]}
Rc2 {[%clk 0:42:25]} 38. b5 {[%clk 0:13:50]} Ra2 {[%clk 0:38:57]} 39. Rc3 {[%clk
0:14:18]} f5 {[%clk 0:35:35]} 40. exf5 {[%clk 0:43:00]} Bg7 {[%clk 1:05:25]} 41.
Rc7+ {[%clk 0:42:48]} Kd8 {[%clk 1:05:46]} 42. Rxf7 {[%clk 0:41:18]} Ra3+ {[%clk
1:06:08]} 43. Kg2 {[%clk 0:40:59]} Bd4 {[%clk 1:06:25]} 44. fxe6 {[%clk 0:40:10]}
Ra2 {[%clk 1:06:42]} 45. Kf3 {[%clk 0:37:21]} Bc5 {[%clk 1:06:52]} 46. Bd3 {[%clk
0:36:13]} d5 {[%clk 1:06:58]} 47. Rd7+ {[%clk 0:36:23]} 1-0

[Event "Greek Team Championship"]
[Site "chess24.com"]
[Date "2017.07.06"]
[Round "5"]
[White "Spyratos, Nikolaos"]
[Black "Nikolakopoulos, Dimitrios"]
[Result "1-0"]
[Board "10"]
[WhiteElo "1498"]
[WhiteCountry "GRE"]
[WhiteFideId "25835351"]
[WhiteEloChange "4"]
[BlackElo "1280"]
[BlackCountry "GRE"]
[BlackFideId "25825135"]
[BlackEloChange "-4"]

1. e4 {[%clk 1:30:56]} c5 {[%clk 1:30:47]} 2. Nc3 {[%clk 1:31:20]} Nc6 {[%clk
1:31:07]} 3. g3 {[%clk 1:31:44]} g6 {[%clk 1:31:32]} 4. Bg2 {[%clk 1:32:10]} Bg7
{[%clk 1:31:59]} 5. d3 {[%clk 1:32:34]} Rb8 {[%clk 1:31:59]} 6. f4 {[%clk
1:30:07]} b5 {[%clk 1:29:07]} 7. Nf3 {[%clk 1:30:25]} d6 {[%clk 1:25:33]} 8. O-O
{[%clk 1:30:01]} Nf6 {[%clk 1:21:04]} 9. h3 {[%clk 1:29:20]} O-O {[%clk 1:12:48]}
10. g4 {[%clk 1:25:31]} b4 {[%clk 1:12:03]} 11. Ne2 {[%clk 1:25:33]} e6 {[%clk
1:01:51]} 12. Nd2 {[%clk 1:21:57]} Nd7 {[%clk 0:45:39]} 13. Nc4 {[%clk 1:14:24]}
Nb6 {[%clk 0:44:36]} 14. e5 {[%clk 1:09:35]} d5 {[%clk 0:37:13]} 15. Nd2 {[%clk
1:06:03]} Bb7 {[%clk 0:33:35]} 16. c3 {[%clk 1:03:53]} bxc3 {[%clk 0:33:00]} 17.
bxc3 {[%clk 1:01:10]} Qc7 {[%clk 0:29:41]} 18. d4 {[%clk 0:57:58]} cxd4 {[%clk
0:26:23]} 19. cxd4 {[%clk 0:58:20]} Ba6 {[%clk 0:23:48]} 20. Nb3 {[%clk 0:56:58]}
Nc4 {[%clk 0:20:47]} 21. Re1 {[%clk 0:50:35]} N6a5 {[%clk 0:18:25]} 22. Ng3
{[%clk 0:48:40]} Bc8 {[%clk 0:12:58]} 23. Bf1 {[%clk 0:46:51]} Nxb3 {[%clk
0:10:04]} 24. axb3 {[%clk 0:47:15]} Nb6 {[%clk 0:10:24]} 25. Ba3 {[%clk 0:46:59]}
Rd8 {[%clk 0:08:44]} 26. Bd6 {[%clk 0:46:42]} Rxd6 {[%clk 0:09:06]} 27. exd6
{[%clk 0:47:08]} Qxd6 {[%clk 0:09:30]} 28. Qd2 {[%clk 0:47:23]} Ra8 {[%clk
0:06:18]} 29. Ne2 {[%clk 0:44:30]} Bd7 {[%clk 0:05:55]} 30. Ra2 {[%clk 0:42:25]}
Nc8 {[%clk 0:03:59]} 31. Rea1 {[%clk 0:39:56]} Qb6 {[%clk 0:04:13]} 32. Kh1
{[%clk 0:31:54]} Ne7 {[%clk 0:04:17]} 33. Ra6 {[%clk 0:30:19]} Qc7 {[%clk
0:03:59]} 34. Qa5 {[%clk 0:30:00]} Qxa5 {[%clk 0:04:12]} 35. R6xa5 {[%clk
0:30:07]} Nc6 {[%clk 0:04:35]} 36. R5a2 {[%clk 0:29:29]} Rb8 {[%clk 0:03:58]} 37.
Rb1 {[%clk 0:28:57]} Nxd4 {[%clk 0:03:20]} 38. Rxa7 {[%clk 0:28:35]} Nxe2 {[%clk
0:02:58]} 39. Bxe2 {[%clk 0:28:35]} Bb5 {[%clk 0:03:08]} 40. Bxb5 {[%clk
0:57:26]} Rxb5 {[%clk 0:33:33]} 41. Ra8+ {[%clk 0:57:23]} Bf8 {[%clk 0:32:25]}
42. Rc1 {[%clk 0:56:29]} Kg7 {[%clk 0:28:55]} 43. Rcc8 {[%clk 0:56:48]} Be7
{[%clk 0:28:10]} 44. g5 {[%clk 0:57:13]} f6 {[%clk 0:28:20]} 45. Rc7 {[%clk
0:57:35]} Kf7 {[%clk 0:28:25]} 46. Raa7 {[%clk 0:57:58]} Rxb3 {[%clk 0:28:06]}
47. Rxe7+ {[%clk 0:58:19]} Kf8 {[%clk 0:28:30]} 48. gxf6 {[%clk 0:57:41]} Rb1+
{[%clk 0:28:49]} 49. Kg2 {[%clk 0:58:06]} Rb2+ {[%clk 0:29:07]} 50. Kf1 {[%clk
0:58:25]} Rb1+ {[%clk 0:29:32]} 51. Ke2 {[%clk 0:58:51]} Rb2+ {[%clk 0:29:50]}
52. Kd1 {[%clk 0:59:17]} Rb1+ {[%clk 0:30:08]} 53. Kc2 {[%clk 0:59:40]} Rb8
{[%clk 0:30:17]} 54. Rxh7 {[%clk 1:00:02]} Kg8 {[%clk 0:30:29]} 55. Rag7+ {[%clk
1:00:28]} 1-0